| 000 | 00474nmm a22001697a 4500 | ||
|---|---|---|---|
| 005 | 20170622152920.0 | ||
| 008 | 150618b xxu||||| |||| 00| 0 spa d | ||
| 041 | _aspa | ||
| 082 | _aDE 195 | ||
| 100 |
_aBarrantes Monge, MarÃa Laura _943237 |
||
| 245 | _aPlan de mercadotecnia para el Quisco Azul del Club Sport Cartagines | ||
| 260 | _c2017 | ||
| 650 |
_aCOSTA RICA _943238 |
||
| 650 |
_aADMINISTRACIÓN DE EMPRESAS _9521 |
||
| 650 |
_aMERCADOTECNIA _9800 |
||
| 942 | _cIP | ||
| 999 |
_c9599 _d9599 |
||